000
00235nam a2200109Ia 4500
082
_a
5
_b
SHA
100
_a
Sharma, A. K.
245
_a
Data structures using C
260
_b
Pearson
_a
N.Delhi
_c
2011
300
_a
446p.
942
_2
ddc
_c
BK
_0
16
999
_c
5741
_d
5741